00409 2200157 4500001002100000008004100021035002000062245004000082100002000122260003100142300001300173020002200186084001700208082000800225990001800233INLIS000000000000337 ind  a0010-0724000337 aArief Rahman : GurucUkim Komarudin aKomarudin, Ukim aJakarta :bEsensi Erlangga a198 hlm. a978-602-7596-99-3 a920.71 UKI a a920 aP29/CP/24/337